000 00398nam a2200169Ia 4500
008 210210b1953 xxu||||| |||| 00| 0 eng d
041 _aeng
082 _a825/104
100 _aBOULTON (M)
245 _aAnatomy of poetry
260 _aLondon
_bRoutledge and Kegan Paul Ltd.
_c1953
650 _apoetry
650 _aof
650 _aAnatomy
690 _aEnglish Criticism
906 _a014422
999 _c133605
_d133605